00417nam a22001217a 4500003000400000082001800004100001300022245013500035260004400170300000700214650001900221653005500240SGT a617.645bC23J aJyotsana aClinical evaluation of the maximum bite force in single implant supported Prosthesis versus Natural DentitionbA split mouth study aGurugram, HaryanabSGT Universityc2023 a61 aProsthodontics aProsthodontics, Crown Bridge and Oral Implantology